Leader xxxxxxxxxx
001 __ PCLIS00036237
005 __ 20220317101716.0
010 0_ |b全套 : 精裝|dNT$13800
100 __ |a20060623d1981 m y0chiy09 e
101 0_ |achi
102 __ |atw
105 __ |aa z 000ad
200 1_ |a書生現形記|e儒林外史|f楊昌年編撰|g[(清)吳敬梓原著]
205 __ |a初版
210 __ |a臺北市|c時報文化|d民70[1981]
215 0_ |a31, 400面|c圖, 圖版|d22公分
225 2_ |a中國歷代經典寶庫
300 __ |a青少年版
410 _0 |12001 |a中國歷代經典寶庫
517 1_ |a儒林外史|zchi
681 __ |a857.44|b8657 70
700 _1 |a楊|b昌年|f1930- |4編撰
702 _1 |s清|a吳|b敬梓|f1701-1754|4原著
801 _0 |atw|b內湖高中|c20060623
801 _2 |atw|b內湖高中|c20220317|gCCR
|